书目信息 |
| 题名: |
计算机网络
|
|
| 作者: | 王相林 编著 | |
| 分册: | ||
| 出版信息: | 北京 机械工业出版社 2021.01 |
|
| 页数: | XIV, 386页 | |
| 开本: | 26cm | |
| 丛书名: | 高等院校系列教材 | |
| 单 册: | ||
| 中图分类: | TP393 | |
| 科图分类: | ||
| 主题词: | 计算机网络--ji suan ji wang luo--高等学校--教材 | |
| 电子资源: | ||
| ISBN: | 978-7-111-44520-3 | |
| 000 | 01081nam 2200301 450 | |
| 001 | 96178 | |
| 005 | 20250911200750.82 | |
| 010 | @a978-7-111-44520-3@dCNY69.00 | |
| 100 | @a20210802d2021 em y0chiy50 ea | |
| 101 | 0 | @achi |
| 102 | @aCN@b110000 | |
| 105 | @aa a 000yy | |
| 106 | @ar | |
| 200 | 1 | @a计算机网络@Aji suan ji wang luo@e原理、技术与应用@f王相林编著 |
| 205 | @a第2版 | |
| 210 | @a北京@c机械工业出版社@d2021.01 | |
| 215 | @aXIV, 386页@c图@d26cm | |
| 225 | 2 | @a高等院校系列教材@Agao deng yuan xiao xi lie jiao cai@i计算机科学与技术系列 |
| 320 | @a有书目 (第386页) | |
| 330 | @a本书内容涵盖: 计算机网络基础知识、自顶向下的5层计算机网络体系结构与网络协议、计算机网络管理与安全基础、IPv6技术。 | |
| 333 | @a浙江省精品课程教材 | |
| 410 | 0 | @12001 @a高等院校系列教材@i计算机科学与技术系列 |
| 517 | 1 | @a原理、技术与应用@Ayuan li 、 ji shu yu ying yong |
| 606 | 0 | @a计算机网络@Aji suan ji wang luo@x高等学校@j教材 |
| 690 | @aTP393@v5 | |
| 701 | 0 | @a王相林@Awang xiang lin@4编著 |
| 801 | 0 | @aCN@c20250909 |
| 905 | @a河南城建学院图书馆@dTP393@eW380=2@f1 | |
| 计算机网络:原理、技术与应用/王相林编著.-第2版.-北京:机械工业出版社,2021.01 |
| XIV, 386页:图;26cm.-(高等院校系列教材.计算机科学与技术系列) |
| 使用对象:浙江省精品课程教材 |
| ISBN 978-7-111-44520-3:CNY69.00 |
| 本书内容涵盖: 计算机网络基础知识、自顶向下的5层计算机网络体系结构与网络协议、计算机网络管理与安全基础、IPv6技术。 |
| ● |
| 相关链接 |
|
|
|
正题名:计算机网络
索取号:TP393/W380=2
 
预约/预借
| 序号 | 登录号 | 条形码 | 馆藏地/架位号 | 状态 | 备注 |
| 1 | 1630454 | 216304540 | 自科库301/301自科库 117排2列4层/ [索取号:TP393/W380=2] | 在馆 |